000
00395nam a2200145Ia 4500
008
090122s9999 xx 000 0 und d
082
_b
8511
_a
891.4683
100
_a
कांबळे
_b
सुधाकर
_c
अनंत
245
_a
फिरकी
600
_a
कांबळे
630
_a
फिरकी
700
_a
कांबळे
730
_a
फिरकी
942
_c
BOOK
999
_c
32588
_d
32588